000 00958nam a22002297a 4500
005 20240103150600.0
008 231204b ||||| |||| 00| 0 eng d
040 _cAL
041 _akan
082 _223
_aK894.1
_bSABM
100 _aSabiha Bhoomigowda: ಸಬಿಹಾ ಭೂಮಿಗೌಡ Ed
_9147187
245 _aMandara:
_bಮಂದಾರ
260 _aMangaluru
_bPrasaranga Mangalore University
_c2014
300 _ax,114p.
_bPB
_c21x13cm.
365 _2Kannada
_b50.00
_c
_d50.00
440 _aMangala Patyapustaka Malike: ಮಂಗಳ ಪಠ್ಯಪುಸ್ತಕ ಮಾಲಿಕೆ 58
_9144127
650 _aKannada Poetry: ಕನ್ನಡ ಪದ್ಯ
_9144117
650 _aKannada Literature: ಕನ್ನಡ ಸಾಹಿತ್ಯ
_9144118
700 _aBHOOMIGOWDA (Sabhiha): ಭೂಮಿಗೌಡ (ಸಬಿಹಾ) Ed
_9144119
700 _aGOWDA (Nagappa R): ಗೌಡ ಆರ್ (ನಾಗಪ್ಪ) Ed
_9144120
942 _2ddc
_cDB
999 _c229362
_d229362